| 000 | 01021nam a22002654a 4500 | ||
|---|---|---|---|
| 005 | 20090826145556.0 | ||
| 008 | 040205r20042003ohuab b s001 0 eng | ||
| 010 | _aENG-94912 | ||
| 020 |
_a9788190769525 _c1295.00 |
||
| 035 | _aEN-78445 | ||
| 037 | _bDBAD / PUB | ||
| 040 |
_adpl _bEnglish |
||
| 082 | _a333.95160954 | ||
| 100 | _aReddy, V. Raja | ||
| 245 |
_aInventing global ecology / _cby V. Raja Reddy |
||
| 260 |
_aNew Delhi _bAlfa Publications _c2009 |
||
| 270 |
_a4398/5, Ansari Road, Daryaganj _bNew Delhi _e110002 |
||
| 300 |
_av, 312p. _c25cm(Hb) |
||
| 500 | _aIncludes bibliographical references and index | ||
| 650 |
_aBiodiversity conservation _zIndia. |
||
| 650 |
_aBiodiversity _xMonitoring _zIndia. |
||
| 650 |
_aAnimal ecology _xResearch _zIndia. |
||
| 942 |
_2ddc _cEN _h333.95160954 _mRED |
||
| 999 |
_c29656 _d29656 |
||